Every Manchester United Goal Scorer in the 1992/93 Premier League - Statistics

General Stats
  • This quiz has been taken 9 times
  • The average score is 59 of 66
Answer Stats
Game Scorer % Correct
Leeds United (H) Bruce
100%
Everton (A) Bruce
100%
Middlesbrough (A) Bruce
100%
Sheffield Wednesday (H) Bruce
100%
Sheffield Wednesday (H) Bruce
100%
Nottingham Forest (A) Giggs
100%
Tottenham Hotspur (A) Giggs
100%
Coventry City (H) Giggs
100%
Queens Park Rangers (A) Giggs
100%
Southampton (H) Giggs
100%
Southampton (H) Giggs
100%
Middlesbrough (H) Giggs
100%
Norwich City (A) Giggs
100%
Blackburn Rovers (H) Giggs
100%
Sheffield United (A) Hughes
100%
Nottingham Forest (A) Hughes
100%
Crystal Palace (H) Hughes
100%
Liverpool (H) Hughes
100%
Liverpool (H) Hughes
100%
Oldham Athletic (H) Hughes
100%
Arsenal (A) Hughes
100%
Manchester City (H) Hughes
100%
Norwich City (H) Hughes
100%
Coventry City (H) Hughes
100%
Nottingham Forest (H) Hughes
100%
Liverpool (A) Hughes
100%
Aston Villa (H) Hughes
100%
Chelsea (H) Hughes
100%
Crystal Palace (A) Hughes
100%
Ipswich Town (H) Irwin
100%
Coventry City (H) Irwin
100%
Tottenham Hotspur (H) Irwin
100%
Middlesbrough (H) Irwin
100%
Coventry City (A) Irwin
100%
Manchester City (H) Ince
89%
Queens Park Rangers (A) Ince
89%
Nottingham Forest (H) Ince
89%
Crystal Palace (A) Ince
89%
Blackburn Rovers (H) Ince
89%
Wimbledon (A) Ince
89%
Blackburn Rovers (H) Pallister
89%
Coventry City (H) Sharpe
89%
Chelsea (A) Cantona
78%
Sheffield Wednesday (A) Cantona
78%
Coventry City (H) Cantona
78%
Tottenham Hotspur (H) Cantona
78%
Sheffield United (H) Cantona
78%
Middlesbrough (H) Cantona
78%
Manchester City (A) Cantona
78%
Norwich City (A) Cantona
78%
Chelsea (H) Cantona
78%
Leeds United (H) Kanchelskis
78%
Queens Park Rangers (A) Kanchelskis
78%
Norwich City (A) Kanchelskis
78%
Everton (A) McClair
78%
Oldham Athletic (H) McClair
78%
Oldham Athletic (H) McClair
78%
Sheffield Wednesday (A) McClair
78%
Sheffield Wednesday (A) McClair
78%
Tottenham Hotspur (H) McClair
78%
Ipswich Town (A) McClair
78%
Sheffield United (H) McClair
78%
Liverpool (A) McClair
78%
Tottenham Hotspur (H) Parker
67%
Wimbledon (A) Robson
67%
Southampton (A) Dublin
56%
No matching quizzes found
Score Distribution
Percent of People with Each Score
Percentile by Number Answered
Your Score History
You have not taken this quiz